000 00604cam a2200193 4500500
005 20260329005640.0
041 _afre
042 _adc
100 1 0 _aPerragin, Charles
_eauthor
245 0 0 _a“Courir”, d’Andrea Marcolongo : un art du kairos
260 _c2024.
500 _a51
690 _aAndrea Marcolongo
690 _aCourse
690 _aCourse à pied
690 _aUltramarathon
786 0 _nPhilosophie magazine | 180 | 6 | 2024-06-01 | p. 58-59 | 1951-1787
856 4 1 _uhttps://shs.cairn.info/magazine-philosophie-magazine-2024-6-page-58?lang=fr&redirect-ssocas=7080
999 _c1845235
_d1845235